Statistiche per Domande geografia

Clicka qui per fare il quiz!

Statistiche generali

  • Questo quiz è stato fatto 252 volte
  • Il punteggio medio è 13 su 20

Statistiche sulle risposte

DomandaRisposta% Corretto
In quale stato europeo si trova la regione della Transilvania?Romania
92%
È più grande la Francia o la Spagna?Francia
89%
Dove si trova Marsiglia?Francia
89%
Quante regioni ha l'Italia?20
88%
Come si chiama la stretto tra U.S.A. e Russia?Stretto di Bering
88%
Quanti sono gli stati americani?50
86%
In che continente si trova il Laos?Asia
85%
Qual è l'origine dell'energia geotermica?Calore terrestre
85%
L'Ontario è uno stato americano.Falso
82%
È più grande l'Iran o l'IraqIran
82%
Come si chiama lo stretto tra Cile e AntartideStretto di Magellano
71%
In quale Regione si trova la città di Empoli?Toscana
67%
Secondo te quante persone vivono in Cina (circa)?1,5 miliardi
65%
Quale è il fiume più lungo del mondo?Nilo
60%
Quale tra questi stati si trova sull'equatore?Congo
51%
Quale stato ha la bandiera più vecchia?Danimarca
47%
Quale tra queste strutture è più alta?Torre Eiffel
43%
Secondo te quanto può essere grande la Russia (circa)?17.000.000 km²
40%
Quante sono le province canadesi?13
21%
Quale mare è più grande?Mar Rosso
16%

Distribuzione punteggi

Percentile per numero di risposta

Percentuale di utenti per punteggio

I tuoi punteggi nel tempo

Non hai fatto questo quiz